Sprievodca štúdiom na Národohospodárskej fakulte Ekonomickej univerzity v Bratislave akademický rok 2008/2009

Guardado en:
Detalles Bibliográficos
Autor Corporativo: Ekonomická univerzita v Bratislave. Národohospodárska fakulta
Otros Autores: Pastoráková, Erika, 1972-, Čajkovičová, Jana, 1964-
Formato: Libro
Lenguaje:eslovaco
Publicado: Bratislava Vydavateľstvo EKONÓM 2008
Materias:
Etiquetas: Agregar Etiqueta
Sin Etiquetas, Sea el primero en etiquetar este registro!

MARC

LEADER 00000nam$a2200000$$$4500
001 0081502
005 20240502071920.9
020 |a 978-80-225-2565-7 
041 0 |a slo 
044 |a SK 
245 1 0 |a Sprievodca štúdiom na Národohospodárskej fakulte Ekonomickej univerzity v Bratislave  |b akademický rok 2008/2009  |c zostavili: Erika Pastoráková, Jana Čajkovičová 
264 1 |a Bratislava  |b Vydavateľstvo EKONÓM  |c 2008 
300 |a 219 s. 
610 2 0 |a programy študijné 
610 2 0 |a plán učebný 
610 2 0 |a univerzity 
610 2 0 |a vzdelávanie vysokoškolské 
610 2 0 |a štruktúra organizačná 
700 1 |a Pastoráková, Erika, 1972- 
700 1 |a Čajkovičová, Jana, 1964- 
710 2 |a Ekonomická univerzita v Bratislave. Národohospodárska fakulta